书目信息 |
| 题名: |
延年益寿吃什么
|
|
| 作者: | 谢英彪 , 彭慧 主编 | |
| 分册: | ||
| 出版信息: | 南京 河海大学出版社 1997.08 |
|
| 页数: | 32开 | |
| 开本: | ||
| 丛书名: | ||
| 单 册: | ||
| 中图分类: | R247.1 | |
| 科图分类: | ||
| 主题词: | 中医学:临床医学 | |
| 电子资源: | ||
| ISBN: | 7-5630-1148-X | |
| 000 | 00597nam0 2200205 45 | |
| 001 | 0011221158 | |
| 005 | 20001122112645.7 | |
| 010 | @a7-5630-1148-X@d8.00元 | |
| 100 | @a20001122d1997 km y0chiy0120 ea | |
| 101 | 0 | @achi |
| 105 | @a z 000yy | |
| 200 | 1 | @a延年益寿吃什么@AYan Nian Yi Shou Chi Shi Mo@f谢英彪,彭慧主编@FXie Ying Biao,Peng Hui Zhu Bian |
| 210 | @a南京@c河海大学出版社@d1997.08 | |
| 215 | @a32开 | |
| 606 | 0 | @a中医学:临床医学 |
| 690 | @aR247.1@v3 | |
| 701 | 0 | @a谢英彪@4主编 |
| 701 | 0 | @a彭慧@4主编 |
| 801 | @aCN@bPftUser@c20001122 | |
| 905 | @b500716-717@dR247.1@eX075/1@f2 | |
| 延年益寿吃什么/谢英彪,彭慧主编.-南京:河海大学出版社,1997.08 |
| 32开 |
| ISBN 7-5630-1148-X:8.00元 |
| ● |
| 相关链接 |
|
|
|
正题名:延年益寿吃什么
索取号:R247.1/X075/1
 
预约/预借
| 序号 | 登录号 | 条形码 | 馆藏地/架位号 | 状态 | 备注 |
| 1 | 500716 | 205007160 | 自科库401/401自科库 11排2列2层/ [索取号:R247.1/X075/1] | 在馆 | |
| 2 | 500717 | 205007179 | 自科库401/401自科库 11排2列2层/ [索取号:R247.1/X075/1] | 在馆 |